000 00255 a2200109 4500
000 nam a22 7a 4500
005 20251127113516.0
100 _aBurhan, Mohammad Hussain
_9853151
245 _aBurhan qatie 5 vol. set
260 _c1983
942 _cREF
999 _c1465548
_d1465548